Hodnotenie finančného zdravia podnikov vo vybranom odvetví využitím štatistických metód diplomová práca

Saved in:
Bibliographic Details
Main Author: Kaselyová, Kristína
Corporate Author: Podnikovohospodárska fakulta EU so sídlom v Košiciach. Katedra finančného riadenia podniku
Other Authors: Feranecová, Adela, 1986-
Format: Book
Language:Slovak
Published: Košice 2018
Tags: Add Tag
No Tags, Be the first to tag this record!

MARC

LEADER 00000nbm a2200000 4500
001 0244073
005 20181019145829.3
041 0 |a slo 
044 |a SK 
245 1 0 |a Hodnotenie finančného zdravia podnikov vo vybranom odvetví využitím štatistických metód  |b diplomová práca  |c Kristína Kaselyová ; školiteľ: Adela Feranecová 
264 1 |a Košice  |c 2018 
300 |a 94 s. 
100 1 |a Kaselyová, Kristína 
700 1 |a Feranecová, Adela, 1986- 
710 2 |a Podnikovohospodárska fakulta EU so sídlom v Košiciach. Katedra finančného riadenia podniku